Japanese Coinage by Picture - Statistics

General Stats
  • This quiz has been taken 9 times
  • The average score is 10 of 18
Answer Stats
Picture Answer % Correct
1 Yen
100%
100 Yen
71%
10 Yen
71%
1 Yen
71%
500 Yen
71%
50 Yen
71%
5 Yen
71%
5 Yen
71%
1 Sen
57%
50 Sen
57%
5 Sen
57%
5 Sen
57%
1 Sen
43%
10 Sen
29%
10 Sen
29%
10 Yen
29%
1 Sen
29%
1 Sen
29%
No matching quizzes found
Score Distribution
Percent of People with Each Score
Percentile by Number Answered
Your Score History
You have not taken this quiz